|
|
|
|
| LEADER |
00000nam0a2200000 4500 |
| 001 |
328832 |
| 005 |
20231102004112.0 |
| 035 |
|
|
|a (RuTPU)RU\TPU\book\354542
|
| 035 |
|
|
|a RU\TPU\book\77699
|
| 090 |
|
|
|a 328832
|
| 100 |
|
|
|a 20170225d1966 k y0rusy50 ca
|
| 101 |
0 |
|
|a rus
|
| 102 |
|
|
|a UA
|
| 105 |
|
|
|a a z 001zy
|
| 200 |
1 |
|
|a Сварка в углекислом газе
|f И. И. Заруба [и др.]
|
| 205 |
|
|
|a 2-е изд., перераб. и доп.
|
| 210 |
|
|
|a Киев
|c Гостехиздат
|d 1966
|
| 215 |
|
|
|a 291 с.
|c ил.
|
| 320 |
|
|
|a Библиография: с. 286-289
|
| 606 |
|
|
|a Газовая сварка
|2 stltpush
|3 (RuTPU)RU\TPU\subj\72773
|9 86167
|
| 610 |
1 |
|
|a углекислый газ
|
| 610 |
1 |
|
|a дуговая сварка
|
| 610 |
1 |
|
|a металлы
|
| 610 |
1 |
|
|a сталь
|
| 610 |
1 |
|
|a сплавы
|
| 610 |
1 |
|
|a автоматизация
|
| 610 |
1 |
|
|a автоматизированная сварка
|
| 675 |
|
|
|a 621.791.5
|v 3
|
| 701 |
|
1 |
|a Заруба
|b И. И.
|g Игорь Иванович
|
| 701 |
|
1 |
|a Касаткин
|b Б. С.
|g Борис Сергеевич
|
| 701 |
|
1 |
|a Каховский
|b Н. И.
|g Николай Иванович
|
| 701 |
|
1 |
|a Потапьевский
|b А. Г.
|g Аркадий Григорьевич
|
| 801 |
|
1 |
|a RU
|b 63413507
|c 20050202
|g PSBO
|
| 801 |
|
2 |
|a RU
|b 63413507
|c 20180208
|g PSBO
|
| 942 |
|
|
|c BK
|